000
00323nam a22001337a 4500
008
180903b xxu||||| |||| 00| 0 eng d
020
_a
0878931260
041
_a
eng
080
_a
579
100
_a
11
101
_a
MIK
245
_a
Biotechnology A Textbook Of Industrial Microbiology
_c
Crueger.w
942
_2
udc
_c
BK
999
_c
47430
_d
47430